| 000 | 00782cam a22002653a 4500 | ||
|---|---|---|---|
| 001 | 1724 | ||
| 003 | PGUSA | ||
| 005 | 20140828083005.0 | ||
| 008 | 041113s2004||||xxu|||||s|||||000 1 eng d | ||
| 040 |
_aPGUSA _beng |
||
| 042 | _adc | ||
| 050 | 4 | _aPR | |
| 100 | 1 |
_aHaggard, H. Rider _q(Henry Rider), _d1856-1925 |
|
| 245 | 1 | 0 |
_aFinished _h[electronic resource] / _cH. Rider Haggard |
| 260 |
_bProject Gutenberg, _c2004 |
||
| 506 | _aPublic domain in the USA. | ||
| 516 | _aElectronic text | ||
| 653 | _aZulu (African people) -- Fiction | ||
| 653 | _aQuatermain, Allan (Fictitious character) -- Fiction | ||
| 653 | _aZulu War, 1879 -- Fiction | ||
| 653 | _aWar stories | ||
| 830 | 0 |
_aProject Gutenberg _v1724 |
|
| 856 | 4 | 0 | _uhttp://www.gutenberg.org/ebooks/1724 |
| 942 | _cEB | ||
| 999 |
_c231070 _d231070 |
||